| 000 | 00630nam a2200193 i 4500 | ||
|---|---|---|---|
| 001 | 178016 | ||
| 003 | ES-MaACL | ||
| 005 | 20230906220452.0 | ||
| 008 | 110512s1891 fr |||| | fre d | ||
| 100 | 0 |
_aRousse, Edmond. _9100052 |
|
| 245 | 1 | 0 |
_aMirabeau / _cpar Edmond Rousse. |
| 260 |
_aParis : _bHachette, _c1891. |
||
| 300 |
_a221 p., 1 h. de lám. ; _c19 cm. |
||
| 490 | 1 | _aLes Grands écrivains français | |
| 600 | 1 | 4 |
_aMirabeau, Honoré-Gabriel de Riqueti _ccomte de. _981463 |
| 830 | 0 |
_aLes Grands écrivains français _9182230 |
|
| 852 |
_aES-MaACL _jB-3177(2) _z.- Encuadernado con otra obra |
||
| 999 |
_c178016 _d178016 |
||